REWARD MANAGEMENT (Record no. 8732)
[ view plain ]
| 000 -LEADER | |
|---|---|
| fixed length control field | 00398nam a2200181 4500 |
| 005 - DATE AND TIME OF LATEST TRANSACTION | |
| control field | 20260216162321.0 |
| 008 - FIXED-LENGTH DATA ELEMENTS--GENERAL INFORMATION | |
| fixed length control field | CU66 |
| 020 ## - INTERNATIONAL STANDARD BOOK NUMBER | |
| International Standard Book Number | 9781843983774 |
| 050 ## - LIBRARY OF CONGRESS CALL NUMBER | |
| Classification number | HF 5549.5.P31 PER |
| 100 ## - MAIN ENTRY--PERSONAL NAME | |
| Personal name | STEPHEN,PERKINS, |
| 245 ## - TITLE STATEMENT | |
| Title | REWARD MANAGEMENT |
| 250 ## - EDITION STATEMENT | |
| Edition statement | 3RD |
| 260 ## - PUBLICATION, DISTRIBUTION, ETC. | |
| Place of publication, distribution, etc. | LONDON |
| Name of publisher, distributor, etc. | CIPD |
| Date of publication, distribution, etc. | 2016 |
| 300 ## - PHYSICAL DESCRIPTION | |
| Extent | XX,422p., |
| 500 ## - GENERAL NOTE | |
| General note | REFERENCE,INDEX |
| 700 ## - ADDED ENTRY--PERSONAL NAME | |
| Personal name | WHITE,GEOFF |
| 942 ## - ADDED ENTRY ELEMENTS (KOHA) | |
| Source of classification or shelving scheme | Library of Congress Classification |
| Koha item type | Books |
| Suppress in OPAC | No |
| 999 ## - | |
| -- | 8732 |
| -- | 8732 |
| Withdrawn status | Lost status | Source of classification or shelving scheme | Damaged status | Not for loan | Home library | Current library | Shelving location | Date acquired | Total checkouts | Full call number | Barcode | Date last seen | Price effective from | Koha item type |
|---|---|---|---|---|---|---|---|---|---|---|---|---|---|---|
| Library of Congress Classification | Graduate Library (Christ Temple) | Graduate Library (Christ Temple) | General stacks | 02/16/2026 | HF 5549.5.P31 PER | gsct00002565 | 02/16/2026 | 02/16/2026 | Books | |||||
| Library of Congress Classification | Graduate Library (Christ Temple) | Graduate Library (Christ Temple) | General stacks | 02/16/2026 | HF 5549.5.P31 PER | gsct00002566 | 02/16/2026 | 02/16/2026 | Books |